00335nam a2200121Ia 4500008004100000041000800041082001700049100001800066245004500084260004300129300003200172365000900204240624s9999 xx 000 0 und d aeng a332.6322 SCO aSCOTT DAVID L aDAVID SCOTT S GUIDES INVESTING IN COMMON c2005aBostonbHoughton Mifflin Company aviii, : 178 : p. : cm. ; 19 cb35